000 01266nam2a2200265 4500
001 RU\NLR\bibl\1870086
005 20250616190030.0
010 _a978-5-89873-344-5
_9500
021 _aRU
_b2012-4509
_9326
035 _a(NLR Aleph) 001859934
090 _a2517452
_c2517452
100 _a20120215d2011 |||y0rusy50 ca
101 0 _arus
102 _aRU
105 _aab |||||||||
200 0 _aТ. 2
210 _d2011
_aБ. м.
215 _a106 с.
_cил., карт.
320 _aБиблиогр. в конце докл.
461 0 _1001RU\NLR\bibl\1950042
_12001#$aДиспетчеризация в электроэнергетике: проблемы и перспективы$vТ. 2
_93542027
_cКазань
_d2011
_fпод общ. ред. д.ф.-м.н., проф. Ю.Я. Петрушенко
_nИзд-во КГЭУ
_oV Открытая молодежная научно-практическая конференция, 7-9 декабря 2010 года, Казань : материалы докладов : [в 2 т.]
_tДиспетчеризация в электроэнергетике: проблемы и перспективы
_vТ. 2
801 0 _aRU
_bNLR
_c20120215
_gRCR
801 1 _aRU
_bNLR
_c20120215
942 _cBOOK
980 _aNB